Fallecimiento del general Solchaga
Colección:
San Jorge,
; núm. 12 (octubre 1953), pàg 129
MARC
| LEADER | 00000nam a2200000Ia 4500 | ||
|---|---|---|---|
| 008 | 160829s9999 xx 000 0 cat d | ||
| 245 | |a Fallecimiento del general Solchaga | ||
| 490 | |a San Jorge, |v núm. 12 (octubre 1953), pàg 129 | ||
| 600 | 1 | 0 | |9 54832 |a Solchaga Zala, José, |d 1881-1953 |
| 650 | 0 | |a Militars |z Espanya |x Mort |9 54833 | |
| 773 | |g Núm. 12 (octubre 1953), pàg 129 |t San Jorge. | ||
| 901 | |a Arxiu | ||
| 942 | |n 1 |2 udc |c ART | ||
| 952 | |0 0 |1 0 |4 0 |6 REV508 |7 1 |9 64543 |a Arxiu |b Arxiu |d 2022-12-01 |o Rev-508 |r 2022-12-01 00:00:00 |w 2022-12-01 |y ARXIU |z També disponible a Rev-522 | ||
| 999 | |c 43812 |d 43812 | ||